000
00344nam a2200157Ia 4500
003
OSt
005
20260518154448.0
008
241002s9999 xx 000 0 und d
040
_c
AACR2
082
_a
704.9423 NEW
100
_a
Newton, Eric
245
4
_a
The Art of Mankind
260
_a
New York:
_c
1967
600
_a
Art
942
_c
UC
_2
ddc
999
_c
18458
_d
18458